000 00584nam a2200193Ia 4500
003 OSt
005 20200917151114.0
008 190216s9999||||xx |||||||||||||| ||und||
020 _a0074633503
040 _coclc
082 _a620.0044
_bRAN/I
100 _aRangan, C S
_94716
245 0 _aInstrumentation Devices And Systems /
_cC S Rangan ; G R Sarma ; V S V Mani
250 _a2nd Ed.
260 _bTata McGraw Hill Publishing Company,
_c2001.
_aNew Delhi:
300 _a549p
650 _aPhysics
942 _cBK
_2ddc
_h620.0044
_iRAN/I
_k620.0044
_mRAN/I
999 _c33485
_d33485